| 000 | 00385nam a22001217a 4500 | ||
|---|---|---|---|
| 999 |
_c130350 _d130350 |
||
| 008 | 200212b ||||| |||| 00| 0 eng d | ||
| 050 |
_aB945.H61 _bH685 |
||
| 100 |
_aHocking, William Ernest _929700 |
||
| 245 |
_aHocking: Articles _cWilliam Ernest Hocking |
||
| 260 |
_aCalifornia _bUniversity of California _c1910-64 |
||
| 300 |
_a180p., 217p., 18p. ; _c25cm. |
||
| 942 |
_2lcc _cMONOGRAPH |
||